Statistics for Biggest Subreddits 2022

Click here to take the quiz!

General Stats

  • This quiz has been taken 21 times
  • The average score is 4 of 10

Answer Stats

SubredditSubscribers% Correct
r/AskReddit36 mil
61%
r/funny40 mil
56%
r/pics28 mil
44%
r/aww31 mil
39%
r/gaming32 mil
33%
r/announcements143 mil
28%
r/videos27 mil
28%
r/worldnews28 mil
28%
r/Music30 mil
22%
r/science28 mil
11%

Score Distribution

Percentile by Number Answered

Percent of People with Each Score

Your Score History

You have not taken this quiz